000 00660nam a2200265Ia 4500
001 9141
005 20240113234151.0
007 ta
008 050723s1951 a g b000 u eng u
040 _aCotton College,Assam
041 _aeng
082 _a824
_bOr 9 C
100 _aOrwell, George.
245 0 _aCritical Essays /
_cGeorge Orwell.
_hTextual Documents
250 _a1st ed /
260 _aLondon :
_bSacker & Warburg ,
_c1951.
300 _a195p. :
_bill. ;
_c19cm. .
653 _aEnglish Essays
653 _aG-English
653 _aMS-English
942 _2ddc
_cBK
999 _c9128
_d9128